On History

Gespeichert in:
Bibliographische Detailangaben
1. Verfasser: Braudel, Fernand (VerfasserIn)
Format: Buch
Sprache:Englisch
Veröffentlicht: Londres The University of Chicago Press 1980
Schlagworte:
Tags: Tag hinzufügen
Keine Tags, Fügen Sie den ersten Tag hinzu!

MARC

LEADER 00000cam a2200000 a 4500
001 UCF0006
003 CL-VaPUC
008 120420e19800000UK |||||||||||||||||eng|d
020 |a 0226071502 
082 0 4 |a 901  |b BRA  |2 21 
100 0 |a Braudel, Fernand  |e author  |9 463728 
245 1 0 |a On History 
300 |a 226 p 
942 |c BK 
945 |d 20120420 00:00:00  |a dcastane 
260 |a Londres  |b The University of Chicago Press  |c 1980 
650 0 |a Historicismo  |9 318908 
650 0 |a Filosofía de la historia  |9 265651 
650 0 |a Ciencias sociales   |9 256351 
583 |a last modification  |c 20120903 04:06:49  |k Rodrigo Vera 
999 |c 347528  |d 347526 
952 |0 0  |1 0  |4 0  |6 901_000000000000000_BRA_1980  |7 0  |8 A  |9 448935  |a BIBHIS  |b BIBHIS  |d 2019-11-22  |i 4854713  |o 901 BRA 1980  |p 4854713  |r 2025-01-20  |w 2019-11-22  |y BK  |k HIS